000 00836cam a2200277 i 4500
001 768714001
003 CO-MdFUSB
005 20240622093206.0
007 ta
008 240622t1964 -uk||||| |||| 00| 0 eng d
040 _cCO-MdFUSB
041 0 _aeng
082 0 4 _224
_a234.3
_bB7472h
100 1 _aBoston, Thomas (1677-1732)
_eautor
245 1 0 _aHuman nature in its fourfold state :
_bof primitive integrity entire depravity begun recovery and consummate happiness or misery
_c/ Thomas Boston
264 1 _aLondon, Wi., USA :
_bThe Banner of Truth Trust,
_c[1964]
264 4 _c©1964
300 _a506 Pag
336 _atexto
_btxt
_2rdacontent
337 _2rdamedia
_asin mediación
_bn
338 _2rdacarrier
_avolumen
_bnc
653 _aSoteriología
653 _aAntropología
942 _cBK
945 _aMiguel
999 _c34860
_d34860